000 01090cad a22001935a 4500
001 L157507
008 130107s2012 xxk f 000 0 eng d
035 _a(Sirsi) u157507
041 0 _aeng
110 2 _aUnited Kingdom
_bDepartment for Communities and Local Government
_94939
245 0 0 _aReview of Planning Practice Guidance
_bConsultation
_h[electronic resource]
260 _aLondon
_bDCLG
_c2012
520 _aConsultation to consider the recommendations of an external review of planning practice guidance. The review group was led by Lord Taylor and found that existing guidance is unwieldy in its current form and recommends that it becomes shorter but retains key elements and is more accessible to everyone using the planning system. The consultation ends on 15 February 2013.
590 _aKA
651 4 _aUnited Kingdom
690 _aPlanning and development
_96259
856 4 0 _uhttps://www.gov.uk/government/uploads/system/uploads/attachment_data/file/40458/review_of_planning_guidance_consultation.pdf
_zview the consultation free of charge at: www.gov.uk
942 _n0
999 _c114808
_d114808